Проблемность и межпредметность в образовании - условия устойчивого развития цивилизации (Запись № 1210892)

Подробности
000 -МАРКЕР
контрольное поле 02443nam0a2200349 4500
001 - ИДЕНТИФИКАТОР ЗАПИСИ
контрольное поле RU\NLR\bibl\817021
005 - ИДЕНТИФИКАТОР ВЕРСИИ
контрольное поле 20260407103858.0
010 ## - МЕЖДУНАРОДНЫЙ СТАНДАРТНЫЙ НОМЕР КНИГИ (ISBN)
Номер (ISBN) 5-93406-804-0
Тираж 200
021 ## - НОМЕР ГОСУДАРСТВЕННОЙ РЕГИСТРАЦИИ
Код страны Российская Федерация
Номер 2005-29043
Номер Листа государственной регистраци 1451
035 ## - ДРУГИЕ СИСТЕМНЫЕ НОМЕРА
Идентификатор записи (NLR Aleph) 000805963
100 ## - ДАННЫЕ ОБЩЕЙ ОБРАБОТКИ
Данные общей обработки 20050707d2004 |||y0rusy50 ca
101 0# - ЯЗЫК РЕСУРСА
Язык текста, звукозаписи и т.д. русский
102 ## - СТРАНА ПУБЛИКАЦИИ ИЛИ ПРОИЗВОДСТВА
Страна публикации Российская Федерация
105 ## - ПОЛЕ КОДИРОВАННЫХ ДАННЫХ: ТЕКСТОВЫЕ МАТЕРИАЛЫ, МОНОГРАФИЧЕСКИЕ
Кодированные данные о монографическом текстовом документе a |||||||||
200 1# - ЗАГЛАВИЕ И СВЕДЕНИЯ ОБ ОТВЕТСТВЕННОСТИ
Основное заглавие Проблемность и межпредметность в образовании - условия устойчивого развития цивилизации
Сведения, относящиеся к заглавию материалы IV Московской международной конференции "Образование в XXI веке - глазами детей и взрослых", 25-26 марта 2004 года
Первые сведения об ответственности [отв. ред.: Е.В. Ковалевская]
210 ## - ПУБЛИКАЦИЯ, РАСПРОСТРАНЕНИЕ И ДР.
Место издания, распространения и т.д. Москва
Имя издателя, распространителя и т. д. Компания Спутник+
Дата издания, распространения и т.д. 2004
215 ## - ФИЗИЧЕСКАЯ ХАРАКТЕРИСТИКА
Специфическое обозначение материала и объем 191 с.
Другие сведения о физической характеристике ил.
Размеры 21
300 ## - ОБЩИЕ ПРИМЕЧАНИЯ
Текст примечания В надзаг.: Центр изучения иностр. яз. "Лингвастарт", Лауреат Третьей Моск. междунар. выставки "Школа-99", Школа 1400, аккредитов. при Моск. пед. гос. ун-те, Лауреат Четвертой Моск. междунар. выставки "Школа-2000", Школа 1279 с углубл. изучением иностр. яз. [и др.]
606 1# - НАИМЕНОВАНИЕ ТЕМЫ КАК ПРЕДМЕТ
Наименование темы Проблемное обучение в школе
Формальный подзаголовок Сборники
Системный номер авторитетной/нормативной записи 1971489
Идентификатор авторитетной/нормативной записи RU\NLR\auth\66903421
606 1# - НАИМЕНОВАНИЕ ТЕМЫ КАК ПРЕДМЕТ
Наименование темы Проблемное обучение в школе
Формальный подзаголовок Съезды, совещания и т.п.
Системный номер авторитетной/нормативной записи 1971489
Идентификатор авторитетной/нормативной записи RU\NLR\auth\66903421
606 1# - НАИМЕНОВАНИЕ ТЕМЫ КАК ПРЕДМЕТ
Наименование темы Школы
Формальный подзаголовок Сборники
Тематический подзаголовок Преподавание
-- Межпредметные связи
Системный номер авторитетной/нормативной записи 2313965
Идентификатор авторитетной/нормативной записи RU\NLR\auth\661384723
606 1# - НАИМЕНОВАНИЕ ТЕМЫ КАК ПРЕДМЕТ
Наименование темы Школы
Формальный подзаголовок Съезды, совещания и т.п.
Тематический подзаголовок Преподавание
-- Межпредметные связи
Системный номер авторитетной/нормативной записи 2313965
Идентификатор авторитетной/нормативной записи RU\NLR\auth\661384723
686 ## - ИНДЕКСЫ ДРУГИХ КЛАССИФИКАЦИЙ
Индекс Ч312.21я431
686 ## - ИНДЕКСЫ ДРУГИХ КЛАССИФИКАЦИЙ
Индекс Ч312.115я431
702 #1 - ИМЯ ЛИЦА - ВТОРИЧНАЯ ОТВЕТСТВЕННОСТЬ
Начальный элемент ввода Ковалевская
Часть имени, кроме начального элемента ввода Е. В.
Расширение инициалов личного имени Елена Витальевна
Код отношения Редактор
711 12 - НАИМЕНОВАНИЕ ОРГАНИЗАЦИИ - АЛЬТЕРНАТИВНАЯ ОТВЕТСТВЕННОСТЬ
Начальный элемент ввода "Образование в XXI веке - глазами детей и взрослых", московская международная конференция
Порядковый номер временной организации и / или порядковый номер ее части 4
Дата проведения временной организации 2004
Идентификатор авторитетной/нормативной записи RU\NLR\AUTH\8810059199
Системный номер авторитетной/нормативной записи 619630
801 #0 - ИСТОЧНИК ЗАПИСИ
Страна Российская Федерация
Организация NLR
Дата составления 20050707
Правила каталогизации PSBO
801 #1 - ИСТОЧНИК ЗАПИСИ
Страна Российская Федерация
Организация NLR
Дата составления 20050707
942 ## - ДОПОЛНИТЕЛЬНЫЕ ЭЛЕМЕНТЫ ЗАПИСИ (АБИС)
Тип экземпляра АБИС Книга
980 ## - КОЛЛЕКЦИЯ
Название коллекции Национальная библиография
Экземпляры
Тип экземпляра Дата поступления Источник поступления Библиотека постоянного хранения Библиотека текущего хранения Место хранения Шифр хранения Штрих-код Статус экземпляра
Книга 07.07.2005 Обязательный экземпляр РНБ (Московский) РНБ (Московский) Русский книжный фонд: издания с 1957 года 2005-3/18225 952311  
Книга 07.07.2005 Обязательный экземпляр РНБ (Московский) РНБ (Московский) Русский книжный фонд: издания с 1957 года 2005-3/18225 952312